The saffron wave : (Record no. 17717)

MARC details
000 -LEADER
fixed length control field 01379cam a2200337 a 4500
001 - CONTROL NUMBER
control field 1199234
003 - CONTROL NUMBER IDENTIFIER
control field BDDh-ASL
005 - DATE AND TIME OF LATEST TRANSACTION
control field 20231015025629.0
008 - FIXED-LENGTH DATA ELEMENTS--GENERAL INFORMATION
fixed length control field 981016s1999 nju 001 0 eng
010 ## - LIBRARY OF CONGRESS CONTROL NUMBER
LC control number 98033355
020 ## - INTERNATIONAL STANDARD BOOK NUMBER
International Standard Book Number 0691006709 (alk. paper)
020 ## - INTERNATIONAL STANDARD BOOK NUMBER
International Standard Book Number 0691006717 (pbk. : alk. paper)
040 ## - CATALOGING SOURCE
Original cataloging agency DLC
Transcribing agency DLC
Modifying agency BDDh-ASL
043 ## - GEOGRAPHIC AREA CODE
Geographic area code a-ii---
050 00 - LIBRARY OF CONGRESS CALL NUMBER
Classification number BL1215.P65
Item number H36 1999
082 00 - DEWEY DECIMAL CLASSIFICATION NUMBER
Classification number 294.5509
Edition number 21
Item number HAS
100 1# - MAIN ENTRY--PERSONAL NAME
Personal name Hansen, Thomas Blom,
Dates associated with a name 1958-
245 14 - TITLE STATEMENT
Title The saffron wave :
Remainder of title democracy and Hindu nationalism in modern India /
Statement of responsibility, etc. Thomas Blom Hansen.
260 ## - PUBLICATION, DISTRIBUTION, ETC.
Place of publication, distribution, etc. Princeton, NJ :
Name of publisher, distributor, etc. Princeton University Press,
Date of publication, distribution, etc. 1999.
300 ## - PHYSICAL DESCRIPTION
Extent vi, 293 p. :
Dimensions 24 cm.
504 ## - BIBLIOGRAPHY, ETC. NOTE
Bibliography, etc. note Includes bibliographical references (p. [273]-288) and index.
650 #0 - SUBJECT ADDED ENTRY--TOPICAL TERM
Topical term or geographic name entry element Hinduism and politics
Geographic subdivision India.
650 #0 - SUBJECT ADDED ENTRY--TOPICAL TERM
Topical term or geographic name entry element Nationalism
General subdivision Religious aspects
-- Hinduism.
651 #0 - SUBJECT ADDED ENTRY--GEOGRAPHIC NAME
Geographic name India
General subdivision Politics and government
Chronological subdivision 1977-
856 41 - ELECTRONIC LOCATION AND ACCESS
Materials specified Table of contents
Uniform Resource Identifier <a href="http://www.loc.gov/catdir/toc/prin032/98033355.html">http://www.loc.gov/catdir/toc/prin032/98033355.html</a>
856 42 - ELECTRONIC LOCATION AND ACCESS
Materials specified Publisher description
Uniform Resource Identifier <a href="http://www.loc.gov/catdir/description/prin021/98033355.html">http://www.loc.gov/catdir/description/prin021/98033355.html</a>
906 ## - LOCAL DATA ELEMENT F, LDF (RLIN)
a 7
b cbc
c orignew
d 1
e ocip
f 19
g y-gencatlg
942 ## - ADDED ENTRY ELEMENTS (KOHA)
Source of classification or shelving scheme Dewey Decimal Classification
Koha item type Books
Holdings
Withdrawn status Lost status Source of classification or shelving scheme Damaged status Not for loan Collection code Home library Current library Shelving location Date acquired Source of acquisition Total Checkouts Full call number Barcode Date last seen Copy number Price effective from Koha item type Public note
    Dewey Decimal Classification   Not For Loan Non-fiction Asiatic Society Library Asiatic Society Library Ludden Collection 09/07/2020 Donated by Prof. David Ludden   294.5509 HAS 100836 09/07/2020 C-1 09/07/2020 Books RARE
    Dewey Decimal Classification   Not For Loan Non-fiction Asiatic Society Library Asiatic Society Library Ludden Collection 12/13/2020 Donated by Prof. David Ludden   294.5509 HAS 102915 12/13/2020 C-2 12/13/2020 Books RARE

Powered by Koha